FNaF: Ultimate Quiz - Statistics

General Stats
  • This quiz has been taken 18 times
    16 since last reset
  • The average score is 111 of 459
Answer Stats
Hint Answer % Correct
How many MAINLINE games are there in the series as of April 2026? Eleven
92%
Name all of them: Five Nights at Freddy's
92%
2? Five Nights at Freddy's 2
92%
3? Five Nights at Freddy's 3
92%
4? Five Nights at Freddy's 4
92%
5? Sister Location
92%
6? Pizzaria Simulator
83%
Who created the original Five Nights at Freddy's game? Scott Cawthon
83%
9? Security Breach
83%
8? Help Wanted
75%
10? Help Wanted 2
75%
How many novels are there? Three
75%
How many Fazbears Frights novels are there? Twelve
75%
How many movies are there? Two
75%
7? Ultimate Custom Night
75%
How many Tales from the Pizzaplex novels are there? Eight
67%
The spin-offs? FNaF World
67%
11? Secret of the Mimic
67%
How many nights are in the first game? Seven
58%
3? The Fourth Closet
58%
What is the name of small, humanoid animatronic? Balloon Boy
50%
What is the name of the tall ballerina animatronic? Ballora
50%
What is the name of the blue Bonnie hand puppet animatronic? Bon-Bon
50%
What is the name of the blue bunny animatronic? Bonnie
50%
What does the above do at the end of Saturday? Burns the building down
50%
What is the name of the yellow chicken animatronic? Chica
50%
What is the seventh night called? Custom Night
50%
What is the name of the amalgamation of funtimes in the ending? Ennard
50%
Who climbs inside of the protagonist's body? Ennard
50%
How many total children do the newspaper clippings say went missing? Five
50%
How many newspaper clippings can randomly appear on East Hall Corner? Four
50%
What is the name of the red fox animatronic? Foxy
50%
What animatronic does Ralph mention won't be fooled by the mask? Foxy
50%
What former Freddy's location does Ralph mention in the Night 5 phone call? Fredbear's Family Diner
50%
What is the name of the brown bear animatronic? Freddy Fazbear
50%
What is the name of the pink and white Chica animatronic? Funtime Chica
50%
What is the name of the pink and white Foxy animatronic? Funtime Foxy
50%
What is the name of the pink and white Freddy animatronic? Funtime Freddy
50%
What mysterious suit can teleport into the office at any time? Golden Freddy
50%
What happens to him on the fourth night? He is killed by an animatronic
50%
What happens to the protagonist at the end of Night 5? He is scooped
50%
What is the name of the character who hires the protagonist? Henry Emily
50%
Name all of them: Into the Pit
50%
What phrase can appear as a hallucination? IT'S ME
50%
What is the name of purple version of the above sometimes seen under the desk? JJ
50%
What is the name of the black bear animatronic? Lefty
50%
What is the name of the new, pink version of Foxy? Mangle
50%
What is the name of the protagonist of the first game? Mike Schmidt
50%
What part of Freddy's body makes noise if you click it on the poster in the office? Nose
50%
What is the name of the man who calls you on the first four nights? Ralph
50%
What pitch black animatronic can be seen standing in the office? RWQFSFASXC
50%
How many nights are in the second game? Seven
50%
How many endings to the sixth game is there? Seven
50%
How many hours does the workshift last? Six
50%
How many nights are in the sixth game? Six
50%
What incident does he mention that affected the movement of the animatronics? The Bite of '87
50%
What is the name of black and white animatronic? The Puppet
50%
Name all of them: The Silver Eyes
50%
2? The Twisted Ones
50%
Where does the protagonist hide during Night 1? Under the desk
50%
What is the hardest possible difficulty for it known as? 4/20 Mode
42%
Who is scooped during Night 4? Ballora
42%
What incident is the Crying Child the victim in the Night 5 end-of-night minigame? Bite of '83
42%
What is the name of the pink Bonnie hand puppet animatronic? Bonnet
42%
What happens to the Fazbear's Fright location after Night 6? Burns down
42%
What is the name of the character killed outside in the Security Puppet minigame? Charlotte Emily
42%
What is the name of the large clown animatronic? Circus Baby
42%
What is the location in this game? Circus Baby's Entertainment and Rental
42%
Who was the protagonist going to save in the facility? Elizabeth Afton
42%
What currency is found floating around the camera screens? Faz-Coins
42%
How many characters can be chosen to play against in the seventh game? Fifty
42%
How many dead children are seen in the minigames? Five
42%
How many death minigames are there? Four
42%
What is the location in this game? Freddy Fazbear's Pizza
42%
What is the location in this game? Freddy Fazbear's Pizza
42%
What is the name of the digital rabbit animatronic who stalks the protagonist? Glitchtrap
42%
Who calls on the fifth night? Golden Freddy
42%
What happens to Wiliam Afton in the fifth end-of-night minigame? He dies as a result of malfunctioning springlocks in the Spring Bonnie animatronic
42%
What is the name of the small, helpful Funtime Freddy animatronic? Helpy
42%
What is the name of the protagonist of the seventh night in the second game? Jeremy Fitzgerald
42%
What is the name of the yellow and white fox animatronic? Lolbit
42%
What is the name of the protagonist of the fifth game? Michael Afton
42%
What is the name of the damaged remains of Ennard? Molten Freddy
42%
What stationary object sits on the desk in the office? Mr. Cupcake
42%
What is the name of the spider-like pink and white Funtime animatronic? Music Man
42%
3? Odor
42%
What is the name of the 8-bit character who fishes? Old Man Consequences
42%
What color is the man seen in the minigames? Purple
42%
What is the name of the damaged remains of Circus Baby? Scrap Baby
42%
What is the name of the damaged remains of Springtrap? Scraptrap
42%
What is the name of the security-type variant of the Puppet animatronic? Security Puppet
42%
What purple animatronic can be seen sitting in Parts/Service? Shadow Freddy
42%
How many nights are in the third game? Six
42%
How many minigames are there? Six
42%
How many animatronics that aren't selectable can the above summon? Six
42%
2? Special Delivery
42%
What is the name of the green, decayed animatronic? Springtrap
42%
What animatronic's jumpscare is shown at the end of Take Cake to the Children? The Puppet
42%
What TV show character insists that the baby isn't his? Vlad
42%
Who is inside of the above? William Afton
42%
Who was the protagonist instructed by to go down to the facility? William Afton
42%
What animatronic's jumpscare is shown at the end of Foxy Go! Go! Go!? Withered Foxy
42%
What animatronic's jumpscare is shown at the end of Give Gifts, Give Life? Withered Golden Freddy
42%
What color does Ralph say the suit used was in the Night 6 phone call? Yellow
42%
What is the hardest possible custom night difficulty known as? 10/20 Mode
33%
What is the copyright date for the TV show? 1983
33%
What is the name of the small clown animatronics? Bidybab
33%
What event tomorrow does Ralph mention in the Night 6 phone call? Birthday
33%
2? Bonnie
33%
Where does the protagonist encounter Funtime Freddy during Night 2? Breaker Room
33%
Name all of them in alphabetical order: Bucket Bob
33%
What is the name of the robot storytelling animatronic? Candy Cadet
33%
3? Chica
33%
What game did he create in 2013 that inspired FNaF? Chipper & Sons Lumber Co.
33%
Who is sent to the scooper during Night 5? Circus Baby
33%
What character is the protagonist of the end-of-night minigames? Crying Child
33%
What is the Halloween-themed DLC for the eighth game? Curse of Dreadbear
33%
What power-up prevents Dee Dee from appearing? DD Repel
33%
What can be bought at Prize Corner for 10 Faz-Coins? Death Coin
33%
What is the name of the character from the first spin-off who can summon more animatronics? Dee Dee
33%
Who can be found in a building in Fazbear Hills and apparently created Baby? Desk Man
33%
^ Nightmare Chica
33%
What is the name of the large spider-like DJ animatronic? DJ Music Man
33%
What hall does Freddy use to get to the office? East Hall
33%
What hall does Chica use to get to the office? East Hall
33%
CAM 4A? East Hall
33%
What is the name of the brown beaver animatronic? El Chip
33%
What is the name of the electric small clown animatronics? Electrobab
33%
What animatronic endoskeleton sits Backstage? Endo-01
33%
What animatronic endoskeleton can be seen in Prize Corner and the Right Air Vent? Endo-02
33%
What is the location in this game? Fazbear's Fright
33%
4? Foxy
33%
Name all of them in alphabetical order: Foxy Go! Go! Go!
33%
What character jumpscares the protagonist if they attempt to Death Coin Golden Freddy on 1? Fredbear
33%
Name every playable character in the first spin-off: Freddy
33%
What is the name of the protagonist of the second game? Fritz Smith
33%
What is the name of the Juice Fountain Clown animatronic containing pink liquid? Fruit Punch Clown
33%
Who jumpscares the protagonist during Night 3? Funtime Foxy
33%
2? Give Gifts, Give Life
33%
What is the hardest possible Custom Night also known as? Golden Freddy Mode
33%
What color was their bracelet in the Security Puppet minigame? Green
33%
What is the name of the protagonist of the ninth game? Gregory
33%
Name all of them in alphabetical order: Happy Frog
33%
3? Into the Pit
33%
What is the name of the building in the Midnight Motorist minigame with a green man outside? Jr's
33%
CAM 6? Kitchen
33%
What is the name of the Juice Fountain Clown animatronic containing yellow liquid? Lemonade Clown
33%
What is the name of the colorful rip-off animatronics bought in the catalog? Mediocre Melodies
33%
Who caused the incident? Michael Afton
33%
What is the name of the small ballerina animatronics? Minireena
33%
^ Mr. Can-Do
33%
^ Mr. Hippo
33%
^ Nedd Bear
33%
What is the name of the pitch black and sometimes transparent variation of the above? Nightmare
33%
^ Orville Elephant
33%
CAM 08? Parts/Service
33%
^ Pigpatch
33%
What is the name of the small, green animatronic found in the hallway? Plushtrap
33%
What is the name of the prize capsule vendor animatronic? Prize King
33%
3? SAVETHEM
33%
Where does Michael spit out Ennard at the end of the Custom Night cutscenes? Sewer
33%
How many endings to this game is there? Six
33%
Where does the protagonist hide during Night 4? Springlock Suit
33%
What development company is the main developer for the modern games in the series? Steel Wool Studios, Inc.
33%
4? Take Cake to the Children
33%
What two characters end up hanged after scooping Ballora? Technicians
33%
What TV show does the protagonist watch after every night? The Immortal and the Restless
33%
What is the name of the expensive, polished versions of the classic animatronics? The Rockstars
33%
What is the name of the new, shiny group of animatronics? The Toys
33%
What is the name of the old, scrapped group of animatronics? The Withereds
33%
What song that plays when the power hits zero? Toreador Song
33%
What is the name of the cheap, shoddy animatronics bought in the catalog? Trash and the Gang
33%
What hall does Bonnie use to get to the office? West Hall
33%
What hall does Foxy use to get to the office? West Hall
33%
CAM 2A? West Hall
33%
What is the name of the funtime endoskeleton? Yenndo
33%
What is the salary listed on the help wanted newspaper ad? $120 a week
25%
3? 1:35 A.M.
25%
How much extra does the protagonist make after Night 6? 50 cents
25%
CAM 5? Backstage
25%
6? Blackbird
25%
Name all of them in alphabetical order: Bonnet
25%
5? Bunny Call
25%
What is the name of the protagonist of the ninth game's DLC? Cassie
25%
What TV show character insists that the baby is the above's? Clara
25%
What software company was used to create the first seven games in the series? Clickteam LLC
25%
What is the name of the sun and moon themed animatronic? Daycare Attendant
25%
2? December 5, 2025
25%
What animal is seen mutilated in the Fruity Maze minigame? Dog
25%
What is the name of the Frankenstein-like Fredbear animatronic in the DLC? Dreadbear
25%
What is the name of the scanner animatronic containing blueprints? Egg Baby
25%
12? Felix the Shark
25%
2? Fetch
25%
What is TV show is on in the house in the Night 3 end-of-night minigame? Fredbear & Friends
25%
What is the name of the small, brown animatronics found on the bed? Freddles
25%
10? Friendly Face
25%
2? General {Unprofessionalism}
25%
What character was put out of commision before the game takes place? Glamrock Bonnie
25%
What is the name of the flaming Foxy animatronic in the DLC? Grimm Foxy
25%
What is the name of the gumball vendor animatronic? Gumball Swivelhands
25%
8? Gumdrop Angel
25%
6? Happiest Day
25%
What is the reskin of Nightmare Bonnie in the DLC? Jack-O-Bonnie
25%
What is the reskin of Nightmare Chica in the DLC? Jack-O-Chica
25%
What is the reskin of Nightmare Cupcake the DLC? Jack-O-Lantern
25%
Name all of them: Lally's Game
25%
What is the name of the green alligator animatronic? Montgomery Gator
25%
What is the sixth night also known as? Nightmare
25%
What is the reskin of Plushtrapin the DLC? Nightmare Balloon Boy
25%
What is the name of Chica's nightmarish cupcake animatronic? Nightmare Cupcake
25%
What is the name of the scary, light brown animatronic with a mouth on its chest? Nightmare Fredbear
25%
What is the reskin of Nightmare Foxyin the DLC? Nightmare Mangle
25%
What is the reskin of Nightmarein the DLC? Nightmarionne
25%
What are the release dates for the movies? October 27, 2023
25%
^ Pan Stan
25%
What characters can be seen in Party Room 4? Paperpals
25%
Name are the camera locations? CAM 01? Party Room 1
25%
CAM 02? Party Room 2
25%
CAM 03? Party Room 3
25%
CAM 04? Party Room 4
25%
CAM 1C? Pirate Cove
25%
^ Plushtrap
25%
11? Prankster
25%
What is the name of the gray wolf animatronis? Roxanne Wolf
25%
What is the ninth game's DLC? Ruin
25%
^ RWQFSFASXC
25%
What character leads the animatronics to William Afton in the end-of-night minigames? Shadow Freddy
25%
What are the camera locations? CAM 1A? Show Stage
25%
4? Step Closer
25%
4? Submechanophobia
25%
7? The Cliffs
25%
What is the name of the shiny, high-tech versions of the classic animatronics? The Glamrocks
25%
What is the name of the monsterous group of animatronics? The Nightmares
25%
What is the name of the green, burned group of animatronics? The Phantoms
25%
9? The Puppet Carver
25%
What is special about the eighth game's graphics? Virtual Reality
25%
What is the name of the shadow version of the character who can summon more animatronics? XOR
25%
What phrase appears at the end of SAVETHEM? you can't
25%
What is the salary listed on the help wanted newspaper ad? $100.50 a week
17%
What are the release dates for the mainline games? August 8, 2014
17%
The fifth night phone call is a sample of an audio recording of what 1946 book? Autobiography of a Yogi
17%
8? B7-2
17%
Name all of them in alphabetical order: Bad Ending
17%
9? Balloon Boy
17%
^ Bankruptcy Ending
17%
Name all of them: BB's Air Adventure
17%
^ Blacklisted Ending
17%
What opera is it from? Carmen
17%
2? Choppy's Woods
17%
^ Completion Ending
17%
10? December 14, 2023
17%
9? December 16, 2021
17%
What are the release dates for the Fazbears Frights novels? December 26, 2019
17%
6? December 4, 2017
17%
CAM 4B? East Hall Corner
17%
Name every location in the first spin-off: Fazbear Hills
17%
How many total minigames can be chosen to play in the eighth game? Forty
17%
What two characters are shown onstage in the fourth minigame? Fredbear and Spring Bonnie
17%
What is the location in this game? Freddy Fazbear's Pizza Place
17%
2? Geist Lair
17%
2? HAPPS
17%
^ Insanity Ending
17%
What are the release dates for the spin-offs? January 21, 2016
17%
10? JJ
17%
4? July 23, 2015
17%
11? June 13, 2025
17%
3? June 26, 2018
17%
7? June 27, 2018
17%
CAM 12? Kid's Cove
17%
CAM 05? Left Air Vent
17%
^ Lolbit
17%
8? Mangle
17%
What character appears as Foxy's assistant in the above? Mangle
17%
2? Mangle's Quest
17%
3? March 2, 2015
17%
8? May 28, 2019
17%
^ Minireena
17%
6? Nexie
17%
What is the seventh night also known as? Nightmare
17%
^ No. 1 Crate
17%
2? November 11, 2014
17%
What is the date on the check? November 12th
17%
2? November 25, 2019
17%
5? October 7, 2016
17%
CAM 11? Prize Corner
17%
48? Purple Guy
17%
CAM 7? Restrooms
17%
CAM 06? Right Air Vent
17%
What character do you control in the fifth minigame? RWQFSFASXC
17%
What character can be seen slumped outside of the office? Shadow Freddy
17%
3? Somniphobia
17%
4? Stage01
17%
What are the three reasons for the protagonist's termination after Night 7? 1? Tampering with the Animatronics
17%
What character is an amalgamation of a bunch of old animatronics? Tangle
17%
What is the name of the unseen female worker who records tapes for the protagonist? Tape Girl
17%
5? The Bobbiedots Conclusion
17%
What character was imprisoned under the Pizzaplex and attempted to kill the protagonist? The Mimic
17%
7? Tiger Rock
17%
5? Toy Bonnie
17%
6? Toy Chica
17%
What anime-style intermission shows Toy Chica murdering her class crushes? Toy Chica: The High School Years
17%
7? Toy Freddy
17%
CAM 2B? West Hall Corner
17%
What is the phone number listed on the Help Wanted newspaper ad? 1-888-FAZ-FAZBEAR
8%
43? Animdude
8%
12? April 19, 2022
8%
3? August 7, 2024
8%
6? Blacktomb Yard
8%
3? Browboy
8%
4? Bubba
8%
Name them: Chica's Magic Rainbow
8%
3? Chica's Party
8%
47? Coffee
8%
35? Crying Child
8%
4? December 27, 2022
8%
6? December 29, 2020
8%
3? December 6, 2022
8%
7? Deep-Metal Mine
8%
CAM 1B? Dining Area
8%
3? Dusting Fields
8%
29? Endo-01
8%
30? Endo-02
8%
32? Endoplush
8%
2? FNAF 57: Freddy In Space
8%
How many minigames are in the first spin-off's second update in alphabetical order? Four
8%
3? Foxy.EXE
8%
4? Foxy Fighters
8%
39? Fredbear
8%
What is the location in the ninth game? Freddy Fazbear's Mega Pizzaplex
8%
36? Funtime Foxy
8%
CAM 10? Game Area
8%
5? Glitch Minigame
8%
23? Golden Freddy
8%
What is the fourth game's DLC? Halloween Edition
8%
41? Jack-O-Bonnie
8%
42? Jack-O-Chica
8%
7? July 18, 2023
8%
What are the release dates for the Tales from the Pizzaplex novels? July 19, 2022
8%
9? July 6, 2021
8%
4? July 7, 2020
8%
On what day does it say they went missing? June 26th
8%
2? June 27, 2017
8%
5? Lilygear Lake
8%
^ Lorekeeper Ending
8%
CAM 07? Main Hall
8%
7? March 2, 2021
8%
2? March 3, 2020
8%
21? Marionette
8%
6? May 2, 2023
8%
8? May 4, 2021
8%
3? May 5, 2020
8%
4? Mysterious Mine
8%
38? Nightmare
8%
45? Nightmare Balloon Boy
8%
26? Nightmare Bonnie
8%
27? Nightmare Chica
8%
28? Nightmare Foxy
8%
37? Nightmare Fredbear
8%
25? Nightmare Freddy
8%
46? Nightmarionne
8%
What is the date on the check? November 12th, 1987
8%
11? November 2, 2021
8%
8? October 3, 2023
8%
24? Paperpals
8%
13? Phantom Balloon Boy
8%
12? Phantom Chica
8%
14? Phantom Foxy
8%
11? Phantom Freddy
8%
15? Phantom Mangle
8%
22? Phantom Marionette
8%
8? Pinwheel Circus
8%
9? Pinwheel Funhouse
8%
31? Plushtrap
8%
34? RWQFSFASXC
8%
5? September 1, 2020
8%
2? September 20, 2022
8%
10? September 7, 2021
8%
How many nights are in the fifth game? Seven
8%
20? Shadow Freddy
8%
CAM 09? Show Stage
8%
40? Spring Bonnie
8%
33? Springtrap
8%
CAM 3? Supply Closet
8%
What is the name of the glitched world found by going through breakpoints? &*___TWRE
8%
16? Withered Bonnie
8%
17? Withered Chica
8%
19? Withered Foxy
8%
18? Withered Freddy
8%
31? %_^^&(
0%
What is the eighth night also known as? 20/20/20/20 Mode
0%
32? !2222
0%
What power-up lets the protagonist start the night with 3 Faz-Coins? 3 Coins
0%
What is the location in this game? Afton House
0%
Name every boss in the first spin-off in alphabetical order: Auto Chipper
0%
Name every enemy in the first spin-off in alphabetical order: Ballboy
0%
What power-up lets the protagonist start the night with 102% power? Battery
0%
What anime-style intermission shows Freddy plotting revenge against Foxy? Bear of Vengeance
0%
2? Beartrap
0%
3? Blacktrap
0%
4? Bouncepot
0%
2? Bouncer
0%
5? Boxbyte
0%
^ Burn It All Down Ending
0%
5? Chica's Magic Rainbow
0%
6? Chillax
0%
6? Chipper's Revenge
0%
7? Chop 'N Roll
0%
8? Colossal
0%
9? Crabapple
0%
What are the release dates for the novels? December 17, 2015
0%
^ Disassemble Vanny Ending
0%
10? Dogfight
0%
7? Eyesore
0%
11? Flan
0%
What power-up lets the protagonist start the night with the office at 50°F? Frigid
0%
12? Gearrat
0%
8? Gold Endo
0%
13? Goldmine
0%
14? Graveweed
0%
30? >>>>>>
0%
Name every location in the first spin-off's second update: Halloween Backstage
0%
What happens to the crying child in the Night 6 end-of-night minigame? He flatlines
0%
15? Jangle
0%
9? Mad Endo
0%
5? March 7, 2023
0%
16? Mechrab
0%
^ Mediocre Ending
0%
17? Meringue
0%
18? Metalman
0%
Mini Music Man
0%
44? Mr. Chipper
0%
^ Mr. Huge
0%
19? Neon
0%
10? Overclock
0%
20? P. Goon
0%
11? Porkpatch
0%
21? Prototype
0%
12? PurpleGeist
0%
22? Quarry
0%
23? Redbear
0%
^ Redemption Ending
0%
24? Rot
0%
13? Scott Cawthon
0%
Name every boss in the first spin-off's second update in alphabetical order: Scott's Head
0%
14? Seagoon
0%
25? Seaweed
0%
15? Security
0%
16? Snowcone
0%
2? Souldozer
0%
S.T.A.F.F. Bots
0%
17? Supergoon
0%
26? Tangle
0%
Name all of them in alphabetical order: The Alley Ending
0%
The Entity
0%
^ The Getaway Ending
0%
27? Tombstack
0%
28? Totemole
0%
^ To The Rooftop Ending
0%
29? White Rabbit
0%
No matching quizzes found
Score Distribution
Percent of People with Each Score
Percentile by Number Answered
Your Score History
You have not taken this quiz since the last reset